TEXT BOOK OF DERMATOLOGY,VENERCOLOGY AND LEPROLOGY (Record no. 16925)
[ view plain ]
| 000 -LEADER | |
|---|---|
| fixed length control field | 00418nam a22001697a 4500 |
| 003 - CONTROL NUMBER IDENTIFIER | |
| control field | SGT |
| 020 ## - INTERNATIONAL STANDARD BOOK NUMBER | |
| International Standard Book Number | 978-81-312-4251-3 |
| 082 ## - DEWEY DECIMAL CLASSIFICATION NUMBER | |
| Classification number | 616.5 |
| Item number | D12T |
| 100 ## - MAIN ENTRY--PERSONAL NAME | |
| Personal name | THAPPA,DEVINDER |
| 245 ## - TITLE STATEMENT | |
| Title | TEXT BOOK OF DERMATOLOGY,VENERCOLOGY AND LEPROLOGY |
| 250 ## - EDITION STATEMENT | |
| Edition statement | 4TH |
| 260 ## - PUBLICATION, DISTRIBUTION, ETC. (IMPRINT) | |
| Place of publication, distribution, etc | NEW DELHI |
| Name of publisher, distributor, etc | ELSEVIER |
| Year of Publication | 2012 |
| 300 ## - PAGE DESCRIPTION | |
| No. of Pages | 470 |
| 650 ## - SUBJECT ADDED ENTRY--TOPICAL TERM | |
| Topical term or geographic name as entry element | AYURVEDA |
| 653 ## - KEYWORDS--INDEX TERM | |
| Keyword term | DERMATOLOGY,VENERCOLOGY, LEPROLOGY, |
| 942 ## - ADDED ENTRY ELEMENTS (KOHA) | |
| Source of classification or shelving scheme | Dewey Decimal Classification |
| Koha item type | Books |
| 942 ## - ADDED ENTRY ELEMENTS (KOHA) | |
| -- | 1 |
| Withdrawn status | Lost status | Source of classification or shelving scheme | Damaged status | Not for loan | Collection code | Home library | Current library | Shelving location | Date acquired | Vendor Name | Cost, normal purchase price | SGTU | Bill Number | Total Checkouts | Full call number | Accession No. (Barcode) | Date last seen | Bill Date | Koha item type | Total Renewals | Date last borrowed |
|---|---|---|---|---|---|---|---|---|---|---|---|---|---|---|---|---|---|---|---|---|---|
| Dewey Decimal Classification | AYURVEDA | SGT FA-FP Library | SGT FA-FP Library | Text Book | 18/02/2019 | AHUJA PUB | 900.00 | SGTU | 10644 | 616.5 D12T | FA10110 | 18/02/2019 | 07/02/2019 | Books | |||||||
| Dewey Decimal Classification | AYURVEDA | SGT FA-FP Library | SGT FA-FP Library | Text Book | 18/02/2019 | AHUJA PUB | 900.00 | SGTU | 10644 | 616.5 D12T | FA10111 | 18/02/2019 | 07/02/2019 | Books | |||||||
| Dewey Decimal Classification | AYURVEDA | SGT FA-FP Library | SGT FA-FP Library | Text Book | 18/02/2019 | AHUJA PUB | 900.00 | SGTU | 10644 | 616.5 D12T | FA10112 | 18/02/2019 | 07/02/2019 | Books | |||||||
| Dewey Decimal Classification | AYURVEDA | SGT FA-FP Library | SGT FA-FP Library | Text Book | 18/02/2019 | AHUJA PUB | 900.00 | SGTU | 10644 | 616.5 D12T | FA10113 | 18/02/2019 | 07/02/2019 | Books | |||||||
| Dewey Decimal Classification | AYURVEDA | SGT FA-FP Library | SGT FA-FP Library | Text Book | 18/02/2019 | AHUJA PUB | 900.00 | SGTU | 10644 | 616.5 D12T | FA10114 | 18/02/2019 | 07/02/2019 | Books | |||||||
| Dewey Decimal Classification | AYURVEDA | SGT FA-FP Library | SGT FA-FP Library | Text Book | 18/02/2019 | AHUJA PUB | 900.00 | SGTU | 10644 | 616.5 D12T | FA10115 | 18/02/2019 | 07/02/2019 | Books | |||||||
| Dewey Decimal Classification | AYURVEDA | SGT FA-FP Library | SGT FA-FP Library | Text Book | 18/02/2019 | AHUJA PUB | 900.00 | SGTU | 10644 | 4 | 616.5 D12T | FA10116 | 22/06/2023 | 07/02/2019 | Books | 1 | 22/06/2023 | ||||
| Dewey Decimal Classification | AYURVEDA | SGT FA-FP Library | SGT FA-FP Library | Text Book | 18/02/2019 | AHUJA PUB | 900.00 | SGTU | 10644 | 616.5 D12T | FA10117 | 18/02/2019 | 07/02/2019 | Books |